01162nam a2200301 i 4500003000900000005001700009007000300026008004100029040003000070082001800100110004000118245013000158260000600288264006000294300002500354336002700379337003300406338002800439500004600467500001400513590002700527700005700554700005800611910001400669942001300683952014700696999001700843DO-SdBNP20250312110456.0ta250312s2011 dr 000 0 spa d aDO-SdBNPbspacBNPHUerda axxxbR4262221 aColegio Dominicano de Notarios944710aJornada de capacitación :bderecho notarial y registral /cexpositores, Wilson Gómez Ramírez, Pedro Rodríguez Montero b  1aSanto Domingo :bColegio Dominicano de Notarios,c2011. a42 páginasa21 cm. atextobtxt2rdacontent asin mediaciónbn2rdamedia avolumenbnc2rdacarrier aUnión Internacional del Notario Latino. aLey 89-05 aInventariado, 2025/ YL1 aGómez Ramírez, Wilson eexpositores9563444exp.1 aRodríguez Montero, Pedro eexpositores4exp.987184 aYLockward 2ddccLF2 00102ddc51708PD-FaBNPHUbBNPHUcCTd2021-03-24eDonado por Julián Amarol0oBNPHU F-PD xxx R426p2025-1790r2025-03-12w2025-03-12yLF2 c58409d58409